Vượt lên nổi đau

Guardat en:
Dades bibliogràfiques
Autor principal: Beattie, Melody
Altres autors: Minh Tươi (biên dịch), Võ, Hồng Ánh (biên dịch)
Format: Llibre
Publicat: Tp. Hồ Chí Minh Tổng hợp Tp. Hồ Chí Minh 2015
Matèries:
Etiquetes: Afegir etiqueta
Sense etiquetes, Sigues el primer a etiquetar aquest registre!
Thư viện lưu trữ: Trung tâm Học liệu Lê Vũ Hùng, Trường Đại học Đồng Tháp
LEADER 00915pam a22002658a 4500
001 00042961
005 20181030131058.0
008 161121s2013 ||||||Viesd
020 # # |c 45000  |a 978 604 58 4018 4 
041 0 # |a Vie 
082 1 4 |a 195.9  |b V563L 
100 1 # |a Beattie, Melody 
242 2 1 |a The grirf Club 
245 0 0 |a Vượt lên nổi đau  |c Melody Beattie; Võ Hồng Ánh; Minh Tươi (biên dịch) 
260 # # |a Tp. Hồ Chí Minh  |b Tổng hợp Tp. Hồ Chí Minh  |c 2015 
300 # # |a 239 tr.  |c 21 cm 
653 # # |a Cuộc sống 
653 # # |a Tâm lí học ứng dụng 
653 # # |a Tình huống 
653 # # |a Ảnh hưởng 
700 1 # |a Minh Tươi  |e biên dịch 
700 1 # |a Võ, Hồng Ánh  |e biên dịch 
852 # # |j KD.0024839 
910 0 # |d 30/10/2018 
980 # # |a Trung tâm Học liệu Lê Vũ Hùng, Trường Đại học Đồng Tháp